Paroles "Les oiseaux rares" - Theodora, Juliette Armanet - Statistiques

Statistiques générales
  • Ce quiz a été pris 47 fois
  • Le résultat moyen est 222 sur 272
Statistiques - réponses
Indice Réponse % Correct
. a
100%
.. de
100%
.. me
100%
....... oiseaux
100%
.. ai
97%
...... jamais
97%
...... Jamais
97%
.. le
97%
... les
97%
.. tu
97%
.... venu
97%
.. ce
94%
.. Ce
94%
.... déjà
94%
.... Déjà
94%
... Dis
94%
... dis
94%
.... fais
94%
.. Je
94%
.. je
94%
.... mais
94%
... moi
94%
.. ne
94%
.'.. n'es
94%
.. ou
94%
... oui
94%
....... passent
94%
.. Se
94%
.. un
94%
...... vérité
94%
....... attendu
90%
... Des
90%
... des
90%
.. et
90%
.. Et
90%
.... fait
90%
.'.. J'ai
90%
.... même
90%
..... quand
90%
... que
90%
..'... qu'une
90%
..... seule
90%
.'.. j'en
87%
.'.. J'en
87%
.. la
87%
.'. l'a
87%
.'. n'a
87%
.... rare
87%
.'....... t'ennuies
87%
... dix
84%
......... mensonges
84%
.'.. n'ai
84%
... nid
84%
.'... c'est
81%
... non
81%
.. Si
77%
.. Il
74%
.. vu
74%
... dit
71%
.'. n'y
71%
..... rares
71%
.. ta
71%
... mes
68%
.... nuit
68%
..... tombe
68%
.'...... l'oiseau
65%
.'... n'est
65%
... vie
65%
.... mots
61%
.... plus
61%
.... dans
58%
......... Tellement
58%
... tes
58%
..... perds
55%
..... perdu
55%
.'.. t'as
55%
. Y
55%
..... Comme
52%
........ personne
52%
..... ferai
48%
... qui
48%
... Qui
48%
.. eu
45%
.'.. l'ai
45%
....... pensées
45%
.... pour
45%
....... nouveau
42%
... toi
42%
.... peau
39%
......... sacrifice
39%
.'....... m'envoler
35%
... mue
35%
........ souvenir
32%
..... vus
32%
....... branche
29%
....... changer
29%
........ corbeaux
29%
......... histoires
29%
....... serpent
29%
....... chanter
26%
.... leur
26%
......... Nouvelles
23%
......... nouvelles
23%
.... eaux
19%
...... proies
19%
........ déguiser
16%
...... manger
16%
..... phare
10%
.'........ t'ennuyais
6%
Aucun quiz correspondant
Distribution des résultats
% des personnes avec chaque résultat
Percentile par nombre de réponses
Votre historique - résultats
Vous n’avez pas pris ce quiz